000 00602nam a2200229 i 4500
001 C2-0225670
003 PPAK
005 20180728153801.0
008 000607s1903 enk |||| ||||| | eng d
040 _aPPAK
_beng
_cPPAK
_erda
082 0 4 _a808.83
_223
090 0 0 _a808.83
_bSHA
_dKSA
100 1 _aShaw, Bernard,
_eauthor
245 1 0 _aMan and Superman
264 1 _aEngland :
_bPenguin Books ,
_c1903
300 _a264 pages ;
_c18 cm
336 _2rdacontent
_atext
337 _2rdamedia
_aunmediated
338 _2rdacarrier
_avolume
650 1 0 _aShort stories, English
942 _ddc
_cB
999 _c146285
_d146285